Normal view
MARC view
Entry Meeting Name
001 - CONTROL NUMBER
- control field: 977957
003 - CONTROL NUMBER IDENTIFIER
- control field:
005 - DATE AND TIME OF LATEST TRANSACTION
- control field: 20210627113156.0
008 - FIXED-LENGTH DATA ELEMENTS
- fixed length control field: 210627|| aca||aabn | a|a d
040 ## - CATALOGING SOURCE
- Original cataloging agency:
- Transcribing agency:
111 ## - HEADING--MEETING NAME
- Meeting name or jurisdiction name as entry element: Colloquium on Mathematical Analysis
- Date of meeting or treaty signing: (1970 :
- Location of meeting: Jyvaskyla, Finland)
670 ## - SOURCE DATA FOUND
- Source citation: Work cat.: ()857588: Colloquium on Mathematical Analysis (1970 : Jyvaskyla, Finland)., Topics in analysis :, 1974
